Statistiques concernant Culture Générale - Série 2318

Cliquez ici pour prendre le quiz!

Statistiques générales

  • Ce quiz a été pris 168 fois
  • Le résultat moyen est 7 sur 10

Statistiques - réponses

QuestionRéponse% Correct
Combien y-a-t-il d'étoiles sur le drapeau des Etats Unis ?50
95%
Comment appelle-t-on la salle de judo ?dojo
80%
Comment s'appelle l'enveloppe de la chenille avant qu'elle ne devienne papillon ?chrysalide
75%
Quel peintre néerlandais (1853-1890) est l'auteur de la toile "Autoportrait à l'oreille bandée" ? prénom et nomVincent Van Gogh
75%
Quel est le dieu de la guerre dans la mythologie grecque ?Arès
73%
Sous quel nom connaissait-on mieux l'actrice Norma Jeane Mortenson (Baker)- (1926-1962) ? prénom et nom - voir photoMarilyn Monroe
71%
Sur quelle île se trouve le volcan "La montagne pelée" ?Martinique
71%
Dans quel sport parle-t-on de fairway ?golf
63%
Quel est le nom de l'Avare de Molière ?Harpagon
51%
Quel nom donne-t-on à l'arbre qui perd ses feuilles en hiver ?caduc
22%

Distribution des résultats

Percentile par nombre de réponses

% des personnes avec chaque résultat

Votre développement - résultats

Vous n’avez pas pris ce quiz